000 00486nam a2200181Ia 4500
005 20250326123554.0
008 250326s9999 xx 000 0 und d
037 _aTextbook
040 _aFMSL
_beng
_cFMSL
041 _aeng
_2eng
084 _aD658(B) K9
_qFMSL
100 _aRobens L
_9735511
245 0 _aComputers for management
_cRobens L
260 _aLondon
_bLondon, Heinemann
_c1969
300 _a199p
942 _cTB
_hD658(B) K9
999 _c1269978
_d1269978